| 000 | 00462nam a2200157Ia 4500 | ||
|---|---|---|---|
| 008 | 210210b1976 xxu||||| |||| 00| 0 eng d | ||
| 020 | _a07131 5586 8 | ||
| 082 | _a421.5 GIMI | ||
| 100 | _aGIMSON (A C). | ||
| 245 | _aIntroduction to the pronunciation of english. | ||
| 260 |
_aLondon. _bEnglsih Language Book Society, Edward Arnold Publishers Ltd., _c1976 |
||
| 300 | _axv,320 | ||
| 650 | _aPronunciation | ||
| 690 | _aEnglish Language | ||
| 906 | _aSG00980 | ||
| 999 |
_c112250 _d112250 |
||